000 00210nam a2200097Ia 4500
008 240625s9999 xx 000 0 und d
041 _aeng
100 _aP C QUEST
245 _aPCQ LINUX 2005 III
260 _c2005
999 _c33381
_d33381